Ricostruisci la Carriera del Calciatore - Berat Djimsiti - Statistics

Statistiche generali
  • Questo quiz è stato fatto 20 volte
  • Il punteggio medio è 5 su 6
Statistiche sulle risposte
Hint Risposta % Corretto
2018- Atalanta
93%
2011-2016 Zurigo
93%
2009-2011 Zurigo II
93%
2017-2018 Benevento
86%
2016-2017 Avellino
79%
2016 Atalanta
57%
Nessun quiz corrispondente trovato
Distribuzione punteggi
Percentuale di utenti per punteggio
Percentile per numero di risposta
I tuoi punteggi nel tempo
Non hai fatto questo quiz